000 005760000a22001810004500
003 MACL
005 20160526132033.0
008 160526b xxu||||| |||| 00| 0 eng d
040 _aMACL
_cMACL
041 _aHindi
082 _a891.433 ANN
100 _aअनन्‍तमूर्ति, यू. आर
_944460
245 _aभव
_cयू. आर. अनन्‍तमूर्ति
260 _bभारतीय ज्ञानपीठ
_c2006
_aनई दिल्‍ली
350 _a95
650 _aStories
_959744
942 _cHIN
_k891.433/ANN/S
_2ddc
999 _c10431
_d10431